000 00652nam a2200217Ii 4500
003 JO-AjNU
008 230606s9999||||xx |||||||||||||| ||und||
020 _a0-434-91480-0
040 _aJO-AjNU
_beng
_erda
_cJO-AjNU
041 _aeng
050 1 4 _aHF5635.O84 1987
100 3 _aOtley,David,
_eauthor
_93277
245 0 0 _aAccounting Control and Organizational Behaviour
250 _a1 ed
264 3 1 _aLondon: Heinemann,1987
300 _a144p
_b Includes Bibliography indexes(p135-144)
336 _atext
_btxt
_2rdacontent
337 _aunmediated
_bn
_2rdamedia
338 _avolume
_bnc
_2rdacarrier
650 4 _aManagerial Accounting
_93278
999 _aE1714
_c1714
_d1714